Mikroplasty – zdroje, výskyt a správanie sa v životnom prostredí

Saved in:
Bibliographic Details
Main Author: Staňová, Lívia (Author)
Other Authors: Mackuľak, Tomáš (Thesis advisor)
Format: Manuscript Book
Language:Slovak
Published: 2020
Subjects:
Online Access:http://is.stuba.sk/zp/portal_zp.pl?podrobnosti=135825
Tags: Add Tag
No Tags, Be the first to tag this record!

MARC

LEADER 00000ntm a22000003a 4500
001 stuzp80051
003 SK-STU
005 20200718211828.3
007 ta
008 150427s2015----xo-----f-mn---000-0-slo-d
040 |a STU  |b slo 
041 0 |a slo 
100 1 |a Staňová, Lívia  |u 046290  |4 aut  |U FCHPT Ústav chemického a environmentálneho inžinierstva  |T FCHPT Oddelenie environmentálneho inžinierstva  |X 86808  |U C6290  |Y 120  |7 86808 
242 0 1 |a Microplastics - sources, occurrence and behavior in the environment  |y eng 
245 1 0 |a Mikroplasty – zdroje, výskyt a správanie sa v životnom prostredí 
260 |c 2020 
650 4 |a mikroplasty  |2 slo 
650 4 |a textilný priemysel  |2 slo 
650 4 |a životné prostredie  |2 slo 
650 4 |a pracie procesy  |2 slo 
650 4 |a microplastics  |2 eng 
650 4 |a textile industry  |2 eng 
650 4 |a environment  |2 eng 
650 4 |a washing processes  |2 eng 
700 1 |a Mackuľak, Tomáš  |u 046290  |k Z1  |4 ths  |U FCHPT Ústav chemického a environmentálneho inžinierstva  |T FCHPT Oddelenie environmentálneho inžinierstva  |X 25433  |U C6290  |Y 120  |7 A000025433 
856 4 |u http://is.stuba.sk/zp/portal_zp.pl?podrobnosti=135825